00546 2200205 4500001002100000005001500021035002000036007000300056008004100059082001000100084001600110100000900126245004800135260005800183300004500241650000900286650001600295650001600311650001300327INLIS00000000000155620260127094131 a0010-0126000015ta260127 g 0 ind  a635.6 a635.6 LIL b0 aLili1 aBudidaya Cabai Rawit di Lahan Pasir /cLili aJakarta :bDirektorat Sayuran dan Tanaman Obat,c2022 aiii, 75 hlm, :bilus, ;c21 cm X 29,5 cm 4aBuku 4aCABAI RAWIT 4aLAHAN PASIR 4aBUDIDAYA